States With A Larger Population Than London - Statistics

General Stats
  • This quiz has been taken 23 times
  • The average score is 9 of 11
Answer Stats
Answer % Correct
Florida
100%
New York
100%
Texas
100%
California
95%
Georgia
86%
Ohio
86%
Michigan
82%
North Carolina
77%
Pennsylvania
77%
New Jersey
64%
Illinios
5%
No matching quizzes found
Score Distribution
Percent of People with Each Score
Percentile by Number Answered
Your Score History
You have not taken this quiz